Rutas de sol / (Record no. 28326)
[ view plain ]
| 000 -CABECERA | |
|---|---|
| campo de control de longitud fija | 00527nam a2200169 a 4500 |
| 001 - NÚMERO DE CONTROL | |
| campo de control | 000028834 |
| 005 - FECHA Y HORA DE LA ÚLTIMA TRANSACCIÓN | |
| campo de control | 20240301073829.0 |
| 008 - DATOS DE LONGITUD FIJA--INFORMACIÓN GENERAL | |
| campo de control de longitud fija | 110412nuuuuuuuudr 000 p spa d |
| 040 ## - FUENTE DE LA CATALOGACIÓN | |
| Centro catalogador/agencia de origen | DO-SdBNP |
| Lengua de catalogación | spa |
| Centro/agencia transcriptor | BNPHU |
| 082 ## - NÚMERO DE LA CLASIFICACIÓN DECIMAL DEWEY | |
| Número de clasificación | xxx |
| Número de documento/Ítem | S961r |
| 049 ## - FONDOS LOCALES (OCLC) | |
| Fondos de biblioteca | BNPD |
| 100 1# - ENTRADA PRINCIPAL--NOMBRE DE PERSONA | |
| Nombre de persona | Suriñach, Ramón A. |
| 9 (RLIN) | 55823 |
| 245 10 - MENCIÓN DE TÍTULO | |
| Título | Rutas de sol / |
| Mención de responsabilidad, etc. | Ramón A. Suriñach ; introducción de Tony Raful. |
| 260 ## - PUBLICACIÓN, DISTRIBUCIÓN, ETC. | |
| Lugar de publicación, distribución, etc. | Santo Domingo : |
| Nombre del editor, distribuidor, etc. | [s.n.], |
| Fecha de publicación, distribución, etc. | [19--?]. |
| Fabricante | (Editora Suplemento) |
| 300 ## - DESCRIPCIÓN FÍSICA | |
| Extensión | 27 p. ; |
| Dimensiones | 21 cm. |
| 700 1# - PUNTO DE ACCESO ADICIONAL--NOMBRE DE PERSONA | |
| Nombre de persona | Raful, Tony, |
| Fechas asociadas al nombre | 1951- |
| Término indicativo de función/relación | introd. |
| 9 (RLIN) | 1377 |
| Estado de retiro | Estado de pérdida | No para préstamo | Código de colección | Localización permanente | Ubicación/localización actual | Ubicación en estantería | Fecha de adquisición | Número de inventario | Total de préstamos | Signatura topográfica completa | Código de barras | Fecha visto por última vez | Precio válido a partir de | Tipo de ítem Koha |
|---|---|---|---|---|---|---|---|---|---|---|---|---|---|---|
| Excluido de préstamo | Patrimonio Dominicano | Patrimonio Dominicano | Patrimonio Dominicano | En catalogación | 12.04.2011 | LF1 | xxx S961r | 28834-10 | 25.06.2020 | 25.06.2020 | Libro y Folleto Colección Patrimonio Dominicano |
